LEADER 01506nam 2200385 450 001 000005590 005 20061026040700.0 100 $a20001030d1983----km-y0itay0103----ba 101 0 $aita 102 $aIT 200 1 $a<> controllo di gestione delle imprese edilizie$fAdriano Propersi 210 $c<> Giuffrè$aMilano$d1983 215 $a146 p.$d26 cm. 606 $aAziende edilizie$xGestione 676 $a338.8269$v(20. ed.)$9Produzione. Concentrazioni. In industrie, gruppi di industrie, campi d'impresa dei settori primario, manifatturiero, delle costruzioni 676 $a658.04$v(20 ed.)$9Gestione generale. Gestione di impresa di specifica forma 700 1$aPropersi,$bAdriano$0106694 801 0$aIT$bUniversità della Basilicata - B.I.A.$gRICA$2unimarc 912 $a000005590 996 $aControllo di gestione delle imprese edilizie$974217 997 $aUNIBAS BAS $aMONING BAS $aMONOGR BAS $aINGEGNERIA CAT $aDAURIA$b01$c20001030$lBAS01$h1006 CAT $aTORRE$b20$c20030910$lBAS01$h1107 CAT $aTORRE$b20$c20040420$lBAS01$h1112 CAT $c20050601$lBAS01$h1753 CAT $abatch$b01$c20050718$lBAS01$h1048 CAT $c20050718$lBAS01$h1108 CAT $c20050718$lBAS01$h1138 CAT $c20050718$lBAS01$h1152 CAT $aATR$b40$c20061026$lBAS01$h0407 FMT Z30 -1$lBAS01$LBAS01$mBOOK$1BASA2$APolo Tecnico-Scientifico$2DID$BDidattica$3PTS.s1.p48.11$650269$5I50269$820001030$f04$FPrestabile Didattica